Teoria dos conjuntos e espaços métricos /

Guardado en:
Autor Principal: Spanier, Edwin Henry, 1921-
Otros Autores: Costa, Newton Carneiro Affonso da. (Traductor)
Formato: Libro
Idioma:Portuguese
English
Publicado: Curitiba : Sociedade Paranaense de Matemática, 1961.
Etiquetas: Agregar Etiqueta
Sin Etiquetas, Sea el primero en etiquetar este registro!
LEADER 00816nam a22001935a 4500
001 MAT.inmabb000818
008 031119s1961####bl############000#0#por#d
005 20160622173427.0
245 1 0 |a Teoria dos conjuntos e espaços métricos /  |c E. H. Spanier ; tradução de Newton Carneiro Affonso da Costa. 
260 |a Curitiba :  |b Sociedade Paranaense de Matemática,  |c 1961. 
300 |a 74 p. ;  |c 23 cm. 
500 |a Tradução de um curso de Teoria dos Conjuntos e Espaços Métricos, ministrado na Universidade de Chicago [...] e publicado em inglês (1950). 
510 4 |a MR,  |c 24 #A3244 
100 1 |a Spanier, Edwin Henry,  |d 1921- 
700 1 |a Costa, Newton Carneiro Affonso da.  |4 trl 
084 |a 00A05 (03Exx 54-01 54E35)  |2 msc2000 
010 |a  65037714  
041 1 |a por  |h eng 
859 |h 00A05  |i Sp735  |p A-636  |b BIB. MATEMATICA